[Event "Imperia Corallo op-B 2nd"]
[Site "Imperia"]
[Date "2007.11.18"]
[Round "4"]
[White "Brizzi, Matteo"]
[Black "Zini, Valerio"]
[Result "1/2-1/2"]
[WhiteElo "1407"]
[BlackElo "1500"]
[PlyCount "25"]
[EventDate "2007.11.16"]
[EventType "swiss"]
[EventRounds "5"]
[EventCountry "ITA"]
[SourceTitle "EXT 2010"]
[Source "ChessBase"]
[SourceDate "2010.11.25"]
[SourceVersion "1"]
[SourceVersionDate "2010.11.25"]
[SourceQuality "1"]

1. e4 c5 2. Nf3 d6 3. Bb5+ Nd7 4. a4 a6 5. Be2 Ngf6 6. Nc3 b6 7. 0-0 Bb7 8. d3 h6 9. b3 e6 10. Bb2 Be7 11. Re1 0-0 12. Bf1 Qc7 13. g3 1/2-1/2